[Event "It (open)"]
[Site "masterchessopen.com - Oslo (Norway)"]
[Round "0"]
[White "Ojanen Kaarle S (FIN)"]
[Black "Holm Magnus (SWE)"]
[Result "1/2-1/2"]
[WhiteElo "2335"]
[BlackElo "2189"]

1.d4 Nf6 2.c4 c5 3.d5 g6 4.Nc3 Bg7 5.e4 d6 6.Nf3 O-O 7.Be2 e6 8.O-O exd5
9.cxd5 a6 10.a4 Bg4 11.h3 Bxf3 12.Bxf3 Nbd7 13.Be2 Re8 14.Bd3 Qc7 15.a5 c4
16.Bc2 Nc5 17.f3 Nfd7 18.Be3 Ne5 19.Na4 Ned3 20.Nb6 Rab8 21.Nxc4 Nxb2 22.Nxb2
Bxb2 23.Ra2 Bc3 24.Kh1 Nd7 25.Ba4 Rec8 26.Bxd7 Qxd7 27.Qa4 Qb5 28.Qxb5 axb5
29.Rb1 b4 30.Kg1 Kf8 31.Kf2 Rc4 32.Ke2 Ke7 33.Kd3 Rbc8 34.Rc2 f5 35.Bb6 Kf6
36.Bf2 h5 37.Rbc1 b3 38.Rb2 fxe4+ 39.fxe4 Bxb2 40.Rxc4 Rxc4 41.Kxc4 Bc1
42.Bd4+ Kg5 43.Kxb3 Bd2 44.Bc3 Be3 45.e5 dxe5 46.Bxe5 Kf5 47.Bc7 Kf6 48.Bd6
Kf7 49.Kc4 Ke8 50.Bb4 Kd7 51.Kd3 Bf4 52.Kc4 Be3 53.Kb5 Bf2 54.Bc5 Bh4 55.Kc4
Be1 56.Bb4 Bg3 57.Kd4 Bf4 58.Ke4 Bg3 59.Kf3 Bc7 60.g4 hxg4+ 61.Kxg4 Bd8 62.Kf4
Bf6 63.Bc5 Bc3 64.Kg5 Bxa5 65.Kxg6 Be1 66.Kf5 Bh4 67.Kg4 Be1 68.Kf3 Bh4 69.Bb4
b5 70.Kg4 Be7 {#d} 1/2-1/2

[Event "It \"]
[Site "masterchessopen.com - Rome (Italy)"]
[Round "0"]
[White "Pinter Jozsef (HUN)"]
[Black "Martin Gonzalez Angel (ESP)"]
[Result "1-0"]
[WhiteElo "2535"]
[BlackElo "2410"]

1.d4 Nf6 2.c4 c5 3.d5 a6 4.a4 e6 5.Nc3 exd5 6.cxd5 d6 7.e4 g6 8.Be2 Bg7 9.Nf3
Bg4 10.O-O O-O 11.Bg5 Nbd7 12.Nd2 Bxe2 13.Qxe2 Qc7 14.Rae1 Rfe8 15.f4 b5
16.axb5 axb5 17.Qxb5 Reb8 18.Qd3 Rxb2 19.Nc4 Rb3 20.Bxf6 Bxf6 21.e5 dxe5 22.d6
Qa7 23.Qc2 Qb7 24.fxe5 Nxe5 25.Ne4 Bg7 26.Nxc5 Nf3+ 27.Rxf3 Qb4 28.Nxb3 Qxe1+
29.Rf1 Qe6 30.Qd3 Rc8 31.d7 Rd8 32.Rd1 Bf6 33.Nc5 {#r} 1-0

[Event "Tournament"]
[Site "masterchessopen.com - Tashkent (Uzbekistan)"]
[Round "0"]
[White "Magerramov Elmar (AZE)"]
[Black "Pinchuk Sergey T (UZB)"]
[Result "1/2-1/2"]
[WhiteElo "2517"]
[BlackElo "2423"]

1.d4 Nf6 2.c4 g6 3.Nc3 Bg7 4.e4 d6 5.Be2 O-O 6.Nf3 c5 7.d5 e6 8.O-O exd5
9.cxd5 a6 10.a4 Bg4 11.Bf4 Nh5 12.Bg5 Qb6 13.Qc2 h6 14.Bd2 Nd7 15.h3 Bxf3
16.Bxf3 Nhf6 17.Be2 Rfe8 18.a5 Qc7 19.Ra4 Re7 20.Rfa1 Rae8 21.Bf1 Qd8 22.g3
Qc7 23.R1a3 Qc8 24.Be3 Nh7 25.Bg2 b5 26.axb6 Nxb6 27.Rxa6 Nc4 28.Ra2 Nxe3
29.fxe3 Be5 30.g4 Rb7 31.Bf1 Qd8 32.Nb5 Qh4 33.Qf2 Bg3 34.Qg2 Rd7 35.Ra8 Rxa8
36.Rxa8+ Kg7 37.Ra7 Rd8 38.b4 cxb4 39.Nd4 Be5 40.Ne6+ Kg8 41.Qf3 Ng5 42.Nxg5
hxg5 43.Qxf7+ Kh8 44.Kh1 Qh6 {#d} 1/2-1/2

[Event "It"]
[Site "masterchessopen.com - Torino (Italy)"]
[Round "3"]
[White "Toth Bela (ITA)"]
[Black "Franco Ocampos Zenon (PAR)"]
[Result "1/2-1/2"]
[WhiteElo "2400"]
[BlackElo "2495"]

1.d4 Nf6 2.c4 e6 3.Nf3 c5 4.d5 exd5 5.cxd5 g6 6.Nc3 d6 7.e4 Bg7 8.Be2 O-O
9.O-O a6 10.a4 Bg4 11.Bf4 {#d} 1/2-1/2

[Event "Cup Mitropa"]
[Site "masterchessopen.com - Lienz (Austria)"]
[Date "1983.10.26"]
[Round "4"]
[White "Huss Andreas (SUI)"]
[Black "Cebalo Miso (CRO)"]
[Result "1/2-1/2"]
[WhiteElo "2308"]
[BlackElo "2475"]

1.d4 Nf6 2.Nf3 e6 3.c4 c5 4.d5 exd5 5.cxd5 d6 6.Nc3 g6 7.e4 a6 8.a4 Bg4 9.Be2
Bg7 10.O-O O-O 11.h3 Bxf3 12.Bxf3 Nbd7 13.Bf4 Qe7 14.a5 Ne8 15.Re1 Nc7 16.Qa4
Rab8 17.Rab1 b5 18.axb6 Rxb6 19.Qc2 Rfb8 20.Bd2 R6b7 21.b3 Bd4 22.Be2 Qh4
23.Rf1 Nf6 24.Bd3 Nb5 25.Nxb5 axb5 26.Rbe1 Nh5 27.Be3 Qf6 28.Qc1 Bxe3 29.Qxe3
Nf4 30.g3 Nxd3 31.Qxd3 Ra8 32.e5 dxe5 33.Qc3 Qd6 34.Rxe5 f6 35.Re6 Qxd5
36.Rxf6 Re7 37.Rc1 Rae8 38.Kh2 Re5 39.Qf3 Qxf3 40.Rxf3 Rf8 41.Kg2 Rxf3 42.Kxf3
Kf7 43.Ra1 Ke6 44.Ra7 Rd5 45.Ke2 {#d} 1/2-1/2

[Event "Cup Mitropa"]
[Site "masterchessopen.com - Lienz (Austria)"]
[Date "1983.10.29"]
[Round "7"]
[White "Huss Andreas (SUI)"]
[Black "Lau Ralf (GER)"]
[Result "1/2-1/2"]
[WhiteElo "2308"]
[BlackElo "2395"]

1.d4 Nf6 2.Nf3 e6 3.c4 c5 4.d5 exd5 5.cxd5 d6 6.Nc3 g6 7.e4 Bg7 8.Be2 O-O
9.O-O a6 10.a4 Bg4 11.Bf4 Bxf3 12.Bxf3 {#d} 1/2-1/2

[Event "It"]
[Site "masterchessopen.com - Banja-Luka (Bosnia & Herzegovina)"]
[Round "0"]
[White "Martinovic Slobodan (SRB)"]
[Black "Simic Radoslav (SRB)"]
[Result "1/2-1/2"]
[WhiteElo "2415"]
[BlackElo "2470"]

1.d4 Nf6 2.c4 c5 3.d5 e6 4.Nc3 exd5 5.cxd5 d6 6.e4 g6 7.Nf3 Bg7 8.Be2 O-O
9.O-O a6 10.a4 Bg4 11.Bf4 Bxf3 12.Bxf3 Ne8 13.Qd2 Nd7 14.Bg5 Bf6 15.Bxf6 Nexf6
16.a5 Qc7 17.Be2 Rfe8 18.f3 c4 19.Kh1 Rac8 {#d} 1/2-1/2

[Event "It"]
[Site "masterchessopen.com - Hastings (England)"]
[Round "10"]
[White "Ftacnik Lubomir (SVK)"]
[Black "Kudrin Sergey (USA)"]
[Result "1/2-1/2"]
[WhiteElo "2595"]
[BlackElo "2550"]

1.d4 Nf6 2.c4 e6 3.Nf3 c5 4.d5 exd5 5.cxd5 g6 6.Nc3 d6 7.e4 Bg7 8.Be2 O-O
9.O-O a6 10.a4 Bg4 11.Bf4 Bxf3 12.Bxf3 Qe7 13.e5 dxe5 14.d6 Qe6 15.Re1 Nbd7
16.Bxb7 Rab8 17.Bxa6 Rxb2 18.Qd3 Rb4 19.Bg3 Rfb8 20.Bb5 e4 21.Qc2 Nh5 22.Rad1
Nxg3 23.hxg3 f5 24.Nd5 R4xb5 25.axb5 Qxd6 26.Qb3 Bd4 27.Re2 Kh8 28.Red2 Ne5
29.Rxd4 cxd4 30.Rxd4 Qc5 31.Qb2 Rxb5 32.Rb4 Qxd5 33.Rxb5 Qd1+ {#d} 1/2-1/2

[Event "It (cat.7)"]
[Site "masterchessopen.com - Pernik (Bulgaria)"]
[Round "1"]
[White "Nenkov Ljudmil (BUL)"]
[Black "Marszalek Rafal (POL)"]
[Result "1/2-1/2"]
[WhiteElo "2297"]
[BlackElo "2310"]

1.d4 Nf6 2.Nf3 c5 3.d5 g6 4.c4 Bg7 5.Nc3 O-O 6.e4 d6 7.Be2 e6 8.O-O exd5
9.cxd5 a6 10.a4 Bg4 11.h3 Bxf3 12.Bxf3 Nbd7 13.Bf4 Ne8 14.Be2 Qe7 15.Qd2 Rc8
16.Rae1 c4 17.Bg4 Rc7 18.Bxd7 Qxd7 19.e5 dxe5 20.Bxe5 Bxe5 21.Rxe5 Nd6 {#d}
1/2-1/2

[Event "Memorial K.Piskov"]
[Site "masterchessopen.com - Ruse (Bulgaria)"]
[Round "15"]
[White "Nikolov Todor"]
[Black "Armas Julius (FRA)"]
[Result "0-1"]
[WhiteElo "2200"]
[BlackElo "2310"]

1.d4 Nf6 2.c4 c5 3.d5 e6 4.Nc3 exd5 5.cxd5 d6 6.e4 g6 7.Be2 Bg7 8.Nf3 O-O
9.O-O a6 10.a4 Bg4 11.Nd2 Bxe2 12.Qxe2 Nbd7 13.a5 Qc7 14.Nc4 b5 15.axb6 Nxb6
16.Bf4 Nxc4 17.Qxc4 Qb6 18.f3 Nh5 19.Bc1 Rfb8 20.g4 Nf6 21.Na4 Qb5 22.Qc2 Nd7
23.Bf4 Bd4+ 24.Kg2 Ne5 25.Bxe5 Bxe5 26.Rf2 Rb7 27.Ra2 Bd4 28.Re2 Rab8 29.Nc3
Qc4 30.Ra4 Qb3 31.Rxa6 Qxc2 32.Rxc2 Rxb2 {#R} 0-1

[Event "Ch World (juniors) (under 20)"]
[Site "masterchessopen.com - Kiljava (Finland)"]
[Date "1984.08.04"]
[Round "2"]
[White "Al-Othman Abdul Wahab (KUW)"]
[Black "Lacroix Bruno (BEL)"]
[Result "1-0"]
[WhiteElo "2240"]
[BlackElo "2196"]

1.d4 Nf6 2.c4 e6 3.Nf3 c5 4.d5 exd5 5.cxd5 d6 6.Nc3 g6 7.e4 Bg7 8.Be2 O-O
9.O-O a6 10.a4 Bg4 11.Bf4 Qe7 12.Nd2 Bxe2 13.Qxe2 Nh5 14.Be3 Nd7 15.g4 Bxc3
16.bxc3 Nhf6 17.f3 Rfe8 18.c4 Rab8 19.Rfb1 Kg7 20.Rb2 Ne5 21.Rab1 Qd7 22.Rb6
Red8 23.Qd1 Nd3 24.Qb3 Nb4 25.Qb2 {#r} 1-0

[Event "Zt"]
[Site "masterchessopen.com - Beer-Sheva (Israel)"]
[Round "7"]
[White "Huss Andreas (SUI)"]
[Black "Kindermann Stefan (AUT)"]
[Result "0-1"]
[WhiteElo "2308"]
[BlackElo "2519"]

1.d4 Nf6 2.Nf3 e6 3.c4 c5 4.d5 exd5 5.cxd5 d6 6.Nc3 g6 7.e4 Bg7 8.Be2 O-O
9.O-O a6 10.a4 Bg4 11.Bf4 Bxf3 12.Bxf3 Qe7 13.e5 dxe5 14.d6 Qe6 15.Re1 Nbd7
16.Bxb7 Ra7 17.Bc6 Rb8 18.Bg3 Rb4 19.Nd5 Rd4 20.Ne7+ Kf8 21.Nc8 Rxd1 22.Raxd1
Qb3 23.Nxa7 Qb6 24.Bxd7 Nxd7 25.Nc8 Qc6 26.Ne7 Qxa4 27.Nd5 Qb3 28.Nc7 f5 29.f3
a5 30.Rd5 Kf7 31.Bf2 Qxb2 32.Bxc5 Nxc5 33.d7 Bf6 34.Red1 Nb7 35.Nb5 Nd8
36.Nd6+ Ke7 37.Nc4 Qa2 38.Nxa5 e4 39.fxe4 fxe4 40.h3 e3 41.Kh2 e2 {#R} 0-1

[Event "Ch USA"]
[Site "masterchessopen.com - Estes Park (USA)"]
[Round "0"]
[White "Browne Walter S (USA)"]
[Black "Gurevich Dmitry (USA)"]
[Result "1/2-1/2"]
[WhiteElo "2510"]
[BlackElo "2485"]

1.d4 Nf6 2.c4 e6 3.Nf3 c5 4.d5 exd5 5.cxd5 d6 6.Nc3 g6 7.e4 Bg7 8.Be2 O-O
9.O-O a6 10.a4 Bg4 11.Bf4 Bxf3 12.Bxf3 Qe7 13.Re1 Nbd7 14.a5 Rab8 15.Na4 Ne5
16.Bxe5 Qxe5 17.Rb1 Nd7 18.b4 Qd4 19.Qe2 cxb4 20.Red1 Qf6 21.Bg4 b5 22.axb6
Nxb6 23.Rxb4 Nxa4 24.Rxa4 {#d} 1/2-1/2

[Event "Ch Wales"]
[Site "masterchessopen.com - Newport (Wales)"]
[Round "3"]
[White "Cunningham P (WLS)"]
[Black "Morris Charles F (WLS)"]
[Result "1/2-1/2"]
[WhiteElo "2245"]
[BlackElo "2148"]

1.Nf3 c5 2.c4 Nf6 3.d4 e6 4.d5 exd5 5.cxd5 d6 6.Nc3 g6 7.e4 Bg7 8.Be2 O-O
9.O-O a6 10.a4 Bg4 11.Bf4 Bxf3 12.Bxf3 Qc7 13.Qc2 Nfd7 14.Rfe1 Ne5 15.Be2 Nbd7
16.Bg3 c4 17.f4 Nd3 18.Bxd3 cxd3 19.Qxd3 Qb6+ 20.Kh1 Qxb2 21.e5 Rac8 22.Ne4
dxe5 23.Rab1 Qd4 24.Qxd4 exd4 25.Rxb7 Nc5 26.Nxc5 Rxc5 27.d6 d3 28.Rd1 d2
29.Rc7 Rxc7 30.dxc7 Bc3 31.Kg1 Rc8 32.f5 gxf5 {#d} 1/2-1/2

[Event "Memorial Pugi"]
[Site "masterchessopen.com - Toronto (Canada)"]
[Round "9"]
[White "Shtern Igor (USA)"]
[Black "Stone Raymond (CAN)"]
[Result "1/2-1/2"]
[WhiteElo "2304"]
[BlackElo "2321"]

1.d4 Nf6 2.c4 e6 3.Nf3 c5 4.d5 exd5 5.cxd5 d6 6.Nc3 g6 7.e4 a6 8.a4 Bg4 9.Be2
Bg7 10.O-O O-O 11.h3 Bxf3 12.Bxf3 Nbd7 13.Bf4 Qe7 14.Bh2 c4 15.Re1 Rfe8 16.a5
Ne5 17.Be2 Nfd7 18.f4 Nd3 19.Bxd3 cxd3 20.e5 dxe5 21.Qxd3 Qc5+ 22.Kh1 f5
23.fxe5 Nxe5 {#d} 1/2-1/2

[Event "Ch Uruguay"]
[Site "masterchessopen.com - Uruguay"]
[Round "0"]
[White "Garcia Alvaro (URU)"]
[Black "Bademian Jose (URU)"]
[Result "0-1"]
[WhiteElo "2031"]
[BlackElo "2173"]

1.d4 Nf6 2.c4 c5 3.d5 e6 4.Nc3 exd5 5.cxd5 d6 6.e4 g6 7.Nf3 Bg7 8.Be2 O-O
9.O-O a6 10.a4 Bg4 11.h3 Bxf3 12.Bxf3 Re8 13.Bf4 Qc7 14.Re1 Nbd7 15.Rc1 Ne5
16.Be2 Re7 17.Bg3 g5 18.Qd2 Ng6 19.Bd3 h6 20.e5 Nxe5 21.Rxe5 Rxe5 22.Bxe5 dxe5
23.d6 Qc6 24.Bf5 Rd8 25.Rd1 b5 26.axb5 axb5 27.Nd5 Kf8 28.Nxf6 Bxf6 29.d7 e4
30.Qc2 Kg7 31.Bxe4 Qe6 32.Bf5 Qe5 33.Bg4 c4 34.b4 Qe7 35.Qf5 Qxb4 36.Rb1 Qd2
37.Rxb5 h5 38.Bxh5 Rxd7 39.Bf3 Re7 40.Rc5 Qe1+ 41.Kh2 Be5+ {#R} 0-1

[Event "Ch Finland (team)"]
[Site "masterchessopen.com - Finland"]
[Round "0"]
[White "Hakulinen Esko-Matti (FIN)"]
[Black "Viljava Tapani (FIN)"]
[Result "1-0"]
[WhiteElo "2328"]
[BlackElo "2186"]

1.d4 Nf6 2.Nf3 e6 3.c4 c5 4.d5 exd5 5.cxd5 d6 6.Nc3 g6 7.e4 Bg7 8.Be2 O-O
9.O-O a6 10.a4 Bg4 11.Bf4 Re8 12.Nd2 Bxe2 13.Qxe2 Nh5 14.Be3 Nd7 15.g4 Nhf6
16.f3 Nb6 17.Qd3 Rc8 18.Bf4 c4 19.Qc2 Qe7 20.a5 Nbd7 21.Ra4 Ne5 22.Nd1 Nfd7
23.Bxe5 Nxe5 24.Nxc4 Qf6 25.Qe2 Rxc4 26.Rxc4 Nxc4 27.Qxc4 Qf4 28.Qd3 Be5
29.Rf2 Rc8 30.Nc3 Qc1+ 31.Kg2 Bxc3 32.bxc3 Rxc3 33.Qd4 Qe1 34.Qd2 Qa1 35.Qb2
Qxa5 36.Qxb7 Qa3 37.h4 Kg7 38.Qb2 Qc5 39.Rc2 {#r} 1-0

[Event "It (open)"]
[Site "masterchessopen.com - West Berlin (Germany)"]
[Round "0"]
[White "Sonntag Hans-Hubert (GER)"]
[Black "Tringov Georgi P (BUL)"]
[Result "1-0"]
[WhiteElo "2385"]
[BlackElo "2379"]

1.d4 Nf6 2.c4 c5 3.d5 d6 4.Nc3 g6 5.e4 Bg7 6.Be2 O-O 7.Nf3 e6 8.O-O exd5
9.cxd5 a6 10.a4 Bg4 11.Nd2 Bxe2 12.Qxe2 Nbd7 13.Nc4 Nb6 14.Ne3 Qe7 15.Qc2 Rae8
16.a5 Nbd7 17.Ra4 Ne5 18.h3 Nh5 19.f4 Nd7 20.e5 dxe5 21.f5 Ndf6 22.Ng4 e4
23.Bg5 Ng3 24.Bxf6 Bxf6 25.Nxe4 Nxe4 26.Qxe4 Bxb2 27.Qf4 f6 28.fxg6 hxg6 29.d6
Qe6 30.Qf2 Be5 31.Qc2 f5 32.Nxe5 Qxe5 33.Rd1 Rd8 34.Qb3+ Rf7 35.d7 Qc7 36.Qe6
Kg7 37.Rd6 Rdxd7 38.Qxg6+ Kf8 39.Qh6+ Rg7 40.Qf6+ Kg8 41.Qe6+ Rgf7 42.Qe8+ Kg7
43.Rh4 {#r} 1-0

[Event "Ch China"]
[Site "masterchessopen.com - China"]
[Round "0"]
[White "Wu Shaobin (SIN)"]
[Black "Liu Wenzhe (CHN)"]
[Result "0-1"]
[WhiteElo "2450"]
[BlackElo "2473"]

1.d4 Nf6 2.c4 c5 3.d5 e6 4.Nc3 exd5 5.cxd5 d6 6.Nf3 g6 7.e4 Bg7 8.Be2 O-O
9.O-O a6 10.a4 Bg4 11.Bf4 Qe7 12.Nd2 Bxe2 13.Qxe2 Nh5 14.Be3 Nd7 15.a5 Rfb8
16.Ra2 b5 17.axb6 Rxb6 18.Nc4 Rb4 19.Rc1 Ne5 20.Na5 Qh4 21.f3 Nf4 22.Qf1 Nfd3
23.Rc2 f5 24.exf5 gxf5 25.g3 Qh5 26.Nc6 Qxf3 27.Qxf3 Nxf3+ 28.Kh1 Re8 29.Nd1
Rg4 30.Ra3 c4 31.Ra4 f4 32.Bf2 Rg5 33.Raxc4 Nxf2+ 34.Nxf2 fxg3 35.Ne4 Rxd5
{#R} 0-1

[Event "?"]
[Site "masterchessopen.com - Graz (Austria)"]
[Round "8"]
[White "Kozul Zdenko (CRO)"]
[Black "Cvitan Ognjen (CRO)"]
[Result "0-1"]
[WhiteElo "2541"]
[BlackElo "2510"]

1.d4 Nf6 2.Nf3 g6 3.c4 Bg7 4.Nc3 O-O 5.e4 d6 6.Be2 c5 7.d5 e6 8.O-O exd5
9.cxd5 a6 10.a4 Bg4 11.Bf4 Bxf3 12.Bxf3 Qe7 13.Re1 Nbd7 14.Qd2 Rfe8 15.a5 h5
16.h3 Rac8 17.Rac1 Ne5 18.Be2 Qc7 19.Ra1 c4 20.Qc2 Nfd7 21.Ra4 Nd3 22.Bxd3
cxd3 23.Qb1 b5 24.axb6 Qxb6 25.Be3 Nc5 26.Bxc5 Rxc5 27.Qxd3 Qxb2 28.Ne2 Qb5
29.Qa3 a5 30.Nd4 Qb6 31.Qa2 Bxd4 32.Rxd4 Rec8 33.Rd2 Rc4 34.h4 a4 35.g3 Qb4
36.e5 Rc1 37.Red1 Qg4 38.Rxc1 Rxc1+ 39.Kg2 Qe4+ 40.f3 Qe1 41.Kh3 Qf1+ 42.Rg2
Qxf3 43.Kh2 Qf1 44.Kh3 Qf5+ 45.Kh2 Qf1 46.Kh3 Qh1+ 47.Rh2 Qe4 48.Rg2 Rh1+
49.Rh2 Qf5+ {#R} 0-1

[Event "Ch Leningrad"]
[Site "masterchessopen.com - Leningrad (Russia)"]
[Round "0"]
[White "Traito K (RUS)"]
[Black "Yudasin Leonid (ISR)"]
[Result "1/2-1/2"]
[WhiteElo "2245"]
[BlackElo "2528"]

1.d4 Nf6 2.c4 e6 3.Nf3 c5 4.d5 exd5 5.cxd5 g6 6.Nc3 d6 7.e4 Bg7 8.Be2 O-O
9.O-O a6 10.a4 Bg4 11.Bf4 Qe7 12.Nd2 Bxe2 13.Qxe2 Nh5 14.Be3 Nd7 15.a5 Bd4
16.Ra4 Qf6 17.Qd3 Ne5 18.Bxd4 Nxd3 19.Bxf6 Nxf6 20.Nc4 Rad8 21.Rd1 Nb4 22.Rd2
Ne8 23.Na2 Nxa2 24.Rxa2 f5 25.exf5 Rxf5 26.Ra3 Nc7 27.Rb3 Nb5 28.Re3 Kf8
29.Nb6 Re8 30.Rxe8+ Kxe8 31.Re2+ Kd8 32.g3 Nc7 33.Rd2 Re5 34.f3 Re1+ 35.Kf2
Rc1 36.Ke3 Nb5 37.Kd3 Nd4 38.Rf2 Rd1+ 39.Kc3 Nb5+ 40.Kc2 Ra1 41.Nc4 Ke7
42.Re2+ Kd7 43.Rf2 Nd4+ 44.Kc3 Rc1+ 45.Kd3 Rd1+ 46.Kc3 Kc7 47.Nb6 Rc1+ 48.Kd3
Nb3 49.Nc4 Ra1 50.f4 Nxa5 51.Nxa5 Rxa5 52.f5 gxf5 53.Rxf5 Ra4 54.Rf7+ Kb6
55.Rxh7 Rd4+ 56.Kc3 Rxd5 57.h4 Kc6 58.g4 b5 59.g5 c4 {#d} 1/2-1/2

[Event "It (cat.9)"]
[Site "masterchessopen.com - Budapest (Hungary)"]
[Round "4"]
[White "Rajna George (ISR)"]
[Black "Perenyi Bela (HUN)"]
[Result "1-0"]
[WhiteElo "2390"]
[BlackElo "2255"]

1.d4 c5 2.d5 e6 3.c4 exd5 4.cxd5 d6 5.Nc3 g6 6.e4 Bg7 7.Nf3 Nf6 8.Be2 O-O
9.O-O a6 10.a4 Bg4 11.Nd2 Bxe2 12.Qxe2 Nbd7 13.a5 Ne8 14.Nc4 Qe7 15.Re1 Bd4
16.Be3 Nc7 17.Bf4 Ne5 18.Bxe5 Bxe5 19.Nxe5 Qxe5 20.Ra3 Rfe8 21.Rb3 Nb5 22.Nxb5
axb5 23.Rxb5 b6 24.axb6 Qxe4 25.Qxe4 Rxe4 26.Kf1 Rd4 27.b7 Rb8 28.Re7 Rd1+
29.Ke2 Rxd5 30.Ra5 {#r} 1-0

[Event "It"]
[Site "masterchessopen.com - Calcutta (India)"]
[Round "0"]
[White "Murugan Krishnamoorthy (IND)"]
[Black "Hegde Ravi Gopal (IND)"]
[Result "0-1"]
[WhiteElo "2325"]
[BlackElo "2315"]

1.d4 Nf6 2.c4 c5 3.d5 g6 4.Nc3 Bg7 5.e4 O-O 6.Nf3 d6 7.Be2 a6 8.O-O e6 9.a4
exd5 10.cxd5 Bg4 11.Nd2 Bxe2 12.Qxe2 Nbd7 13.Nc4 Qe7 14.Bf4 Ne8 15.Rfe1 Ne5
16.Bg3 Nc7 17.Nb6 Rae8 18.f4 Nd7 19.Nxd7 Qxd7 20.Rad1 b5 21.e5 bxa4 22.Qc4 a3
23.bxa3 Nb5 24.e6 Qb7 25.exf7+ Qxf7 26.Nxb5 axb5 27.Qxb5 Rxe1+ 28.Bxe1 Qxf4
29.Bg3 Qg4 30.Qb1 h5 31.Bxd6 Bd4+ 32.Kh1 Rf2 33.Rg1 Rb2 34.Qf1 Rf2 35.Qb1 Kg7
36.h3 Qd7 37.Bh2 Qxd5 38.Qb8 Rf8 39.Qc7+ Rf7 40.Qb8 c4 41.Rd1 Qe4 42.Bg3 h4
43.Bh2 c3 44.Bg1 Bxg1 45.Rxg1 c2 46.Qb2+ Kh7 {#R} 0-1

[Event "Ch Denmark (qual)"]
[Site "masterchessopen.com - Denmark"]
[Round "3"]
[White "Christensen Bent (DEN)"]
[Black "Rej Dennis (DEN)"]
[Result "1-0"]
[WhiteElo "2031"]
[BlackElo "2138"]

1.d4 Nf6 2.c4 c5 3.d5 e6 4.Nc3 exd5 5.cxd5 d6 6.Nf3 g6 7.e4 Bg7 8.Be2 O-O
9.O-O a6 10.a4 Bg4 11.Nd2 Bxe2 12.Qxe2 Nbd7 13.Nc4 Nb6 14.Bg5 Re8 15.Rfe1 Qc7
16.Rad1 Nxc4 17.Qxc4 Ng4 18.f4 Qb6 19.e5 Qxb2 20.Ne4 b5 21.Qf1 dxe5 22.h3 f6
23.Bh4 f5 24.Nd6 exf4 25.hxg4 Rxe1 26.Qxe1 Be5 27.gxf5 bxa4 28.Nc4 Bd4+ 29.Bf2
Bxf2+ 30.Qxf2 Qb3 31.Qe2 a3 32.Qd3 Qa4 33.Nxa3 Rb8 34.d6 Rb3 35.Qc4+ Qxc4
36.Nxc4 {#r} 1-0

[Event "It (cat.8)"]
[Site "masterchessopen.com - Leipzig (Germany)"]
[Round "1"]
[White "Boensch Uwe (GER)"]
[Black "Perenyi Bela (HUN)"]
[Result "0-1"]
[WhiteElo "2510"]
[BlackElo "2255"]

1.d4 Nf6 2.c4 c5 3.d5 e6 4.Nc3 exd5 5.cxd5 d6 6.e4 g6 7.Nf3 Bg7 8.Be2 O-O
9.O-O a6 10.a4 Bg4 11.Bf4 Bxf3 12.Bxf3 Qe7 13.Re1 Nbd7 14.Qd2 Rac8 15.Be2 c4
16.Bf1 Ng4 17.h3 Nge5 18.Bg5 f6 19.Be3 Nc5 20.Bxc5 Rxc5 21.f4 Nf7 22.g3 b5
23.axb5 axb5 24.Bg2 b4 25.Ne2 Qb7 26.Nd4 c3 27.bxc3 bxc3 28.Qf2 Ra8 29.Rab1
Qa7 30.Bf1 f5 31.Ne6 fxe4 32.Nxg7 Kxg7 33.Qd4+ Kf8 34.Kh1 c2 35.Rbc1 Qa3
36.Kh2 Ra4 37.Qd2 Qb2 38.Bg2 Rd4 39.Qe3 Rcc4 40.Bf1 Rc7 41.Bg2 Rc8 42.Re2 Rd3
43.Qg1 e3 44.Qe1 Qd4 45.Rcxc2 Rxc2 46.Rxc2 Rd2 47.Rc8+ Kg7 48.Re8 Qxd5 49.Qf1
Rf2 50.Rxe3 Qd2 51.Qa1+ Kh6 52.Qa8 Rxg2+ {#R} 0-1

[Event "Olympiad"]
[Site "masterchessopen.com - Salonika (Greece)"]
[Round "0"]
[White "Abouchaaya Tony (AUS)"]
[Black "Cherchem Ahmed (ALG)"]
[Result "0-1"]
[WhiteElo "2215"]
[BlackElo "2186"]

1.d4 Nf6 2.c4 c5 3.d5 g6 4.Nc3 d6 5.Nf3 Bg7 6.e4 O-O 7.Be2 e6 8.O-O exd5
9.cxd5 a6 10.a4 Bg4 11.Nd2 Bxe2 12.Qxe2 Re8 13.Qd3 Nbd7 14.f4 Ng4 15.Nf3 c4
16.Qe2 f5 17.e5 dxe5 18.h3 exf4 19.Qxc4 Ne3 20.Bxe3 fxe3 21.a5 Rc8 22.Qb4 Qc7
23.Ng5 Qc5 24.Qxc5 Rxc5 25.Ne6 Rc4 26.Rf4 Rxf4 27.Nxf4 Nc5 28.Kf1 g5 29.Nfe2
h5 30.Rd1 Nb3 31.Rd3 Nxa5 32.d6 f4 33.Rd5 Nc4 34.Rxg5 Nd2+ 35.Kg1 f3 36.Rg3
f2+ 37.Kh2 h4 {#R} 0-1

[Event "Ch Yugoslavia"]
[Site "masterchessopen.com - Yugoslavia"]
[Round "0"]
[White "Osterman Rudolf (SLO)"]
[Black "Cvitan Ognjen (CRO)"]
[Result "0-1"]
[WhiteElo "2370"]
[BlackElo "2500"]

1.d4 Nf6 2.c4 c5 3.d5 g6 4.Nc3 Bg7 5.e4 d6 6.Nf3 O-O 7.Be2 e6 8.O-O exd5
9.cxd5 a6 10.a4 Bg4 11.h3 Bxf3 12.Bxf3 Nbd7 13.a5 Re8 14.Bf4 Qe7 15.Re1 h5
16.Qb3 Rab8 17.Rad1 Nh7 18.Be2 Bd4 19.Bd3 Qh4 20.Be3 Qd8 21.Qa2 Bg7 22.Nb1 c4
23.Bxc4 Rxe4 24.Nd2 Re8 25.Bf1 Ne5 26.Rc1 Rc8 27.Rxc8 Qxc8 28.f4 Nd7 29.Qc4
Qd8 30.b4 Nhf6 31.Bf2 Rxe1 32.Bxe1 Nh7 33.Bf2 f5 34.Nf3 Ndf6 35.Nd4 Nf8 36.b5
Qxa5 37.bxa6 bxa6 38.Qxa6 Qd2 39.Nf3 Qxf4 40.Qd3 N8d7 41.Qa3 Ne4 42.Be3 Qg3
43.Qa8+ Kh7 44.Qa7 Ne5 45.Nxe5 Qxe5 46.Qf7 Qc3 47.Qa7 h4 48.Bb6 Kh6 49.Qa4 Be5
50.Bf2 Qd2 51.Ba7 Qf4 52.Ba6 Qh2+ 53.Kf1 Qh1+ 54.Bg1 Bh2 55.Qd4 Ng3+ {#R} 0-1

[Event "It \"]
[Site "masterchessopen.com - Barcelona (Spain)"]
[Round "0"]
[White "Gual Pascual Antonio (ESP)"]
[Black "Cramling Pia (SWE)"]
[Result "0-1"]
[WhiteElo "2436"]
[BlackElo "2480"]

1.d4 Nf6 2.c4 c5 3.d5 g6 4.Nc3 Bg7 5.e4 d6 6.Nf3 O-O 7.Be2 e6 8.O-O exd5
9.cxd5 a6 10.a4 Bg4 11.Bf4 Bxf3 12.Bxf3 Qe7 13.Re1 Nbd7 14.Qd2 h5 15.h3 c4
16.Be2 Rac8 17.Bf1 Rfe8 18.Bh2 Nh7 19.Rad1 Nhf8 20.a5 Qf6 21.Na4 Nc5 22.Nb6
Rcd8 23.Nxc4 Rxe4 24.Rxe4 Nxe4 25.Qf4 Qxf4 26.Bxf4 g5 27.Bh2 h4 28.Bd3 f5
29.Bxe4 fxe4 30.Nxd6 Bxb2 31.Nxb7 Rc8 32.Kf1 Nd7 33.Re1 Nf6 34.d6 Rc4 35.Rd1
Nd7 36.Rd5 Bf6 37.f4 exf3 38.gxf3 Kf7 39.Bg1 Rc1+ 40.Kg2 Rc2+ 41.Bf2 Rb2 {#R}
0-1

[Event "It (open)"]
[Site "masterchessopen.com - Cattolica (Italy)"]
[Round "0"]
[White "Zenker Ulrich (GER)"]
[Black "Wojtkiewicz Aleksander (USA)"]
[Result "0-1"]
[WhiteElo "2202"]
[BlackElo "2475"]

1.d4 Nf6 2.Nf3 e6 3.c4 c5 4.d5 exd5 5.cxd5 g6 6.Nc3 d6 7.e4 Bg7 8.Be2 O-O
9.O-O a6 10.a4 Bg4 11.Bg5 Bxf3 12.Bxf3 Nbd7 13.Be2 Re8 14.Qc2 Qc7 15.f4 c4
16.a5 Nc5 17.Bxf6 Bxf6 18.Bxc4 Bxc3 19.Qxc3 Nxe4 20.Qd4 Nc5 21.Rfe1 Rxe1+
22.Rxe1 Qxa5 23.Re7 Qb4 24.f5 b5 25.Qf6 Rf8 26.fxg6 hxg6 27.Rxf7 Qe1+ {#R} 0-1

[Event "Bundesliga"]
[Site "masterchessopen.com - Germany"]
[Round "0"]
[White "Illi Hans-Joerg (SUI)"]
[Black "Berg Susanne (SWE)"]
[Result "1-0"]
[WhiteElo "2122"]
[BlackElo "2022"]

1.d4 Nf6 2.Nf3 g6 3.c4 c5 4.d5 d6 5.Nc3 Bg7 6.e4 O-O 7.Be2 e6 8.O-O exd5
9.cxd5 a6 10.a4 Bg4 11.Bf4 Re8 12.Nd2 Bxe2 13.Qxe2 Nh5 14.Be3 Nd7 15.g4 Nhf6
16.h3 Rc8 17.f3 Qc7 18.a5 c4 19.Ra4 b5 20.axb6 Nxb6 21.Rxa6 Nfxd5 22.exd5 Bxc3
23.bxc3 Nxd5 24.Ne4 f5 25.gxf5 {#r} 1-0

[Event "It (open)"]
[Site "masterchessopen.com - Guernsey & Jersey"]
[Round "0"]
[White "Martin Andrew D (ENG)"]
[Black "Smith Alan A (ENG)"]
[Result "1-0"]
[WhiteElo "2399"]
[BlackElo "2282"]

1.d4 Nf6 2.c4 c5 3.d5 g6 4.Nc3 Bg7 5.e4 d6 6.Be2 O-O 7.Nf3 e6 8.O-O exd5
9.cxd5 a6 10.a4 Bg4 11.Bf4 Qe7 12.Nd2 Bxe2 13.Qxe2 Nh5 14.Be3 Nd7 15.g4 Nhf6
16.a5 Ne8 17.f3 f5 18.gxf5 gxf5 19.Kh1 f4 20.Bf2 Ne5 21.Rg1 Kh8 22.Nc4 Ng6
23.Qf1 Ne5 24.Nxe5 Bxe5 25.Na4 Nc7 26.Qh3 Rg8 27.Nb6 Rad8 28.Nc4 Bf6 29.Qf5
Rgf8 30.Qh5 Qf7 31.Qxf7 Rxf7 32.Rg4 Be7 33.Rag1 Rff8 34.b4 Nb5 35.bxc5 dxc5
36.Rg7 Rfe8 37.Rxe7 Rxe7 38.Bh4 Rdd7 39.Bxe7 Rxe7 40.d6 Rd7 41.Ne5 {#r} 1-0